Largest Ethnic Groups of Several African Countries 1 - Statistics

General Stats
  • This quiz has been taken 98 times
  • The average score is 9 of 20
Answer Stats
Country Answer % # % Correct
South Africa Zulu 22.7% 13 714 090
96%
Nigeria Igbo 18.0% 35 712 000
91%
Nigeria Yoruba 21.0% 41 664 000
86%
South Africa Xhosa 16.0% 9 666 319
82%
Nigeria Hausa 25.0% 49 600 000
78%
Ethiopia Oromo 33.5% 24 489 024
78%
Ethiopia Somali 8.2% 6 581 794
71%
South Africa Sotho 7.6% 4 591 501
59%
Ethiopia Amhara 26.9% 19 870 651
54%
Ghana Akan 45.7% 15 300 360
53%
Nigeria Fulani 6.0% 11 904 000
47%
Ghana Ewe 13.9% 4 653 720
27%
Ghana Mole-Dagbon 18.5% 6 193 800
19%
South Africa Coloured 8.2% 4 953 988
15%
South Africa Pedi 9.1% 5 497 719
15%
Ghana Ga-Dangme 7.1% 2 377 080
14%
Ethiopia Tigrayan 6.1% 4 483 892
14%
Nigeria Ibibio 3.5% 6 944 000
9%
Ethiopia Sidama 4.0% 2 966 474
9%
Ghana Gurma 6.4% 2 142 720
4%
No matching quizzes found
Score Distribution
Percent of People with Each Score
Percentile by Number Answered
Your Score History
You have not taken this quiz